<Die> Stellung der deutschen Sprache in der Welt

Salvato in:
Dettagli Bibliografici
Autore principale: Ammon, Ulrich
Natura: Libro
Lingua:tedesco
Pubblicazione: Berlin De Gruyter 2018
Soggetti:
Tags: Aggiungi Tag
Nessun Tag, puoi essere il primo ad aggiungerne!!

MARC

LEADER 00000nam a2200000 4500
001 0269093
005 20240221113216.3
020 |a 978-3-11-060658-4 
041 0 |a ger 
044 |a DE 
245 1 0 |a <Die> Stellung der deutschen Sprache in der Welt  |c Ulrich Ammon 
264 1 |a Berlin  |b De Gruyter  |c 2018 
300 |a 1295 s. 
610 2 0 |a jazykoveda 
610 2 0 |a terminológia 
610 2 0 |a jazyky cudzie 
610 2 0 |a nemčina 
610 2 0 |a porovnanie medzinárodné 
100 1 |a Ammon, Ulrich